00744nam a2200241 a 4500003000900000005001700009007000300026008004100029017005400070020001800124040002800142041000800170080001500178084000900193100002000202240003100222245011500253250002000368264003300388300003200421650002300453700002600476CO-ViMGA20240716174000.0ta141112s2004 ck r 000 u spa d aB 26682 - 2004 Oficina Depósito Legal Barcelona a9788426133953 aCO-ViMGAbspacCO-ViMGA aspa a087.5 : 82 aHASo1 aHaseley, Dennis aA story for bear Español10aEl oso que amaba los libros [Texto impreso] Dennis Haseley ; Jim Lamarche ; [traducción de Christiane Reyes] aSexta edición bEditorial JUVENTUD S.Ac2017 a[32] p. il. col. 24 x 29 cm14aCuentos infantiles1 aLaMarche, Jim 1952 -